[Event "FBL 1"]
[Site "Deutschland"]
[Date "2010.03.13"]
[Round "8.3"]
[White "Lakos, Nikoletta"]
[Black "Kiefhaber, Veronika"]
[Result "1/2-1/2"]
[WhiteElo "2292"]
[BlackElo "2244"]
[PlyCount "47"]
[EventDate "2009.11.07"]
[EventType "team"]
[EventCountry "GER"]
[WhiteTeam "USV Halle"]
[BlackTeam "Karlsruher SF 1853"]

1. e4 c5 2. Nf3 g6 3. d4 cxd4 4. Nxd4 Nc6 5. c4 Nf6 6. Nc3 Nxd4 7. Qxd4 d6 8.
f3 Bg7 9. Bg5 O-O 10. Qd2 Be6 11. Rc1 Rc8 12. b3 a6 13. Be2 Qa5 14. Nd5 Qxd2+
15. Kxd2 Bxd5 16. cxd5 e6 17. dxe6 fxe6 18. Rxc8 Rxc8 19. Rc1 Rxc1 20. Kxc1 Kf7
21. Kd2 d5 22. Bxf6 Bxf6 23. exd5 exd5 24. f4 1/2-1/2

[Event "FBL 1"]
[Site "Deutschland"]
[Date "2010.03.13"]
[Round "8.4"]
[White "Nill, Jessica"]
[Black "Melamed, Tatiana"]
[Result "0-1"]
[WhiteElo "2237"]
[BlackElo "2312"]
[PlyCount "66"]
[EventDate "2009.11.07"]
[EventType "team"]
[EventCountry "GER"]
[WhiteTeam "Karlsruher SF 1853"]
[BlackTeam "USV Halle"]

1. d4 Nf6 2. c4 c5 3. d5 b5 4. cxb5 a6 5. bxa6 g6 6. Nc3 Bxa6 7. g3 d6 8. Bg2
Bg7 9. Nf3 Nbd7 10. O-O Nb6 11. Re1 O-O 12. a4 Nfd7 13. Rb1 Nc4 14. Qc2 Qa5 15.
Na2 Nde5 16. Rd1 Nxf3+ 17. Bxf3 Bb5 18. b3 Bxa4 19. Qxc4 Bb5 20. Qe4 Qxa2 21.
Bf4 Rfe8 22. Kg2 Bd7 23. Qd3 Reb8 24. h4 Ra7 25. Rd2 Qa6 26. Qc2 Rab7 27. e4
Rb4 28. e5 Bf5 29. Qc1 Bxb1 30. Qxb1 Rxb3 31. Qe4 dxe5 32. Bxe5 Bxe5 33. Qxe5
Qd6 0-1

[Event "FBL 1"]
[Site "Deutschland"]
[Date "2010.03.13"]
[Round "8.5"]
[White "Belic, Jordanka"]
[Black "Vidonyak, Nellya"]
[Result "1-0"]
[WhiteElo "2313"]
[BlackElo "2175"]
[PlyCount "113"]
[EventDate "2009.11.07"]
[EventType "team"]
[EventCountry "GER"]
[WhiteTeam "USV Halle"]
[BlackTeam "Karlsruher SF 1853"]

1. e4 c5 2. Nf3 e6 3. d4 cxd4 4. Nxd4 Nf6 5. Nc3 Nc6 6. Ndb5 Bb4 7. a3 Bxc3+ 8.
Nxc3 d5 9. exd5 exd5 10. Bd3 O-O 11. O-O d4 12. Ne4 Bf5 13. Bg5 Bxe4 14. Bxe4
h6 15. Bxf6 Qxf6 16. Qf3 Qxf3 17. Bxf3 Rac8 18. Rfe1 Rfd8 19. Be4 Kf8 20. Rad1
f6 21. h3 g5 22. Re2 Re8 23. Kf1 Re5 24. g3 b6 25. f4 Re7 26. Rdd2 Rec7 27. Kf2
Rd8 28. Kf3 d3 29. Bxc6 Rxc6 30. Rxd3 Rdc8 31. c3 R8c7 32. Rd8+ Kf7 33. Kg4
gxf4 34. gxf4 Rc4 35. Red2 Kg6 36. R2d5 Rf7 37. R8d6 Re7 38. h4 h5+ 39. Kf3
Rce4 40. Rg5+ Kf7 41. Rxh5 Kg6 42. Rg5+ Kf7 43. Rf5 R4e6 44. Rxe6 Kxe6 45. Rb5
Rh7 46. f5+ Kd6 47. Kg4 Rc7 48. Kh5 Rc8 49. Kg6 Ke7 50. Rb4 Rg8+ 51. Kh7 Rg2
52. h5 Rg5 53. h6 Rxf5 54. Rg4 Kf7 55. Rg7+ Kf8 56. Kg6 Rf2 57. Rf7+ 1-0

[Event "FBL 1"]
[Site "Deutschland"]
[Date "2010.03.13"]
[Round "8.6"]
[White "Heinatz, Maria"]
[Black "Eckhardt, Claudia"]
[Result "0-1"]
[WhiteElo "1917"]
[BlackElo "2173"]
[PlyCount "122"]
[EventDate "2009.11.07"]
[EventType "team"]
[EventCountry "GER"]
[WhiteTeam "Karlsruher SF 1853"]
[BlackTeam "USV Halle"]

1. e4 c5 2. Nf3 e6 3. Nc3 a6 4. d4 cxd4 5. Nxd4 Qc7 6. Bd3 Nf6 7. O-O Be7 8.
Kh1 d6 9. f4 Nbd7 10. Qe2 h5 11. Bd2 Ng4 12. Nd1 b6 13. Nf2 Nxf2+ 14. Rxf2 Nf6
15. h3 h4 16. Re1 Nh5 17. Qf3 Bb7 18. Qg4 Qd7 19. Bc3 O-O-O 20. Nb3 Rh6 21. Qd1
Kb8 22. Qd2 Rg8 23. Bd4 Bd8 24. e5 dxe5 25. Bxe5+ Bc7 26. Qe3 Ng3+ 27. Kh2 Rh5
28. Bxc7+ Qxc7 29. Nd2 g5 30. Qe5 gxf4 31. Qxc7+ Kxc7 32. Rxf4 Nf5 33. Nf3 Bxf3
34. Rxf3 Rhg5 35. Rf2 Nd6 36. b4 a5 37. a3 Kd7 38. Re3 R8g7 39. Be2 f5 40. Bf3
Nc4 41. Rd3+ Ke7 42. Rc3 Ne5 43. bxa5 bxa5 44. Rc5 Nxf3+ 45. gxf3 f4 46. Rc7+
Kf6 47. Rxg7 Rxg7 48. c3 e5 49. c4 Ke6 50. Rd2 Rg3 51. Rd5 Rxf3 52. Rxa5 Rc3
53. Ra6+ Kf5 54. Rh6 Rxc4 55. Rxh4 Rc2+ 56. Kg1 Ke4 57. Rh8 Kf3 58. Rb8 e4 59.
Rb3+ e3 60. h4 Kg3 61. Kf1 f3 0-1

[Event "FBL 1"]
[Site "Deutschland"]
[Date "2010.03.13"]
[Round "8.1"]
[White "Kludacz, Magdalena"]
[Black "Zatonskih, Anna"]
[Result "0-1"]
[WhiteElo "2202"]
[BlackElo "2466"]
[PlyCount "104"]
[EventDate "2009.11.07"]
[EventType "team"]
[EventCountry "GER"]
[WhiteTeam "SAV Torgelow"]
[BlackTeam "OSG - SG Baden-Baden 1922"]

1. d4 d5 2. c4 c6 3. Nf3 Nf6 4. Qc2 dxc4 5. Qxc4 Bf5 6. g3 e6 7. Bg2 Be7 8. O-O
O-O 9. Nc3 Nbd7 10. Re1 Bg6 11. e4 b5 12. Qxc6 b4 13. e5 Rc8 14. Qa6 bxc3 15.
exf6 Nxf6 16. bxc3 Rxc3 17. Qxa7 Be4 18. Re3 Rc7 19. Qa4 Qd5 20. Qb3 Rfc8 21.
Ba3 Ng4 22. Qxd5 Bxd5 23. Rd3 Be4 24. Rb3 Bc2 25. Bxe7 Bxb3 26. axb3 Rxe7 27.
Ne5 Nxe5 28. dxe5 Rec7 29. b4 Rc1+ 30. Rxc1 Rxc1+ 31. Bf1 g5 32. g4 Kf8 33. b5
Ke7 34. Kg2 Re1 35. Bd3 h6 36. b6 Kd8 37. f3 Rxe5 38. Kg3 Kc8 39. Be4 f5 40.
gxf5 exf5 41. Bc6 Rc5 42. Be8 Kb7 43. h4 Kxb6 44. Bg6 Kc7 45. hxg5 hxg5 46. Bh7
Kd6 47. Bg6 Ke6 48. Be8 Rc3 49. Kf2 Ke5 50. Bd7 Rc7 51. Bb5 Kf4 52. Bd3 Rc3 0-1

[Event "FBL 1"]
[Site "Deutschland"]
[Date "2010.03.13"]
[Round "8.2"]
[White "Borulya, Ekaterina Uriivna"]
[Black "Chlost, Marlena"]
[Result "1-0"]
[WhiteElo "2296"]
[BlackElo "2171"]
[PlyCount "149"]
[EventDate "2009.11.07"]
[EventType "team"]
[EventCountry "GER"]
[WhiteTeam "OSG - SG Baden-Baden 1922"]
[BlackTeam "SAV Torgelow"]

1. e4 c5 2. Nf3 d6 3. d4 cxd4 4. Qxd4 a6 5. c4 Nc6 6. Qe3 g6 7. Nc3 Bg7 8. Be2
Nf6 9. h3 O-O 10. O-O Nd7 11. Rb1 a5 12. b3 Nc5 13. Bb2 f5 14. exf5 gxf5 15.
Qg5 Ne6 16. Qh4 Rf6 17. Nd5 Rh6 18. Qg3 Rg6 19. Qh2 Ned4 20. Nxd4 Nxd4 21. Bd1
Be5 22. f4 Bg7 23. Bh5 Rh6 24. Qg3 Kh8 25. Qg5 Qf8 26. Rfd1 e5 27. Bxd4 exd4
28. Re1 Be6 29. Nc7 Bf6 30. Nxe6 Bxg5 31. Nxf8 Rxf8 32. fxg5 Rxh5 33. Re6 Rxg5
34. Rxd6 f4 35. Rxd4 f3 36. g4 Re5 37. Rd2 h5 38. Kf2 Re7 39. Rg1 Rh7 40. g5 h4
41. Rd3 Re7 42. Rxf3 Rd8 43. Rf4 Rd2+ 44. Kf3 Rxa2 45. Rxh4+ Kg8 46. Rd4 Rb2
47. Rd3 Kg7 48. h4 Rf7+ 49. Kg4 Rbf2 50. Rd4 R2f3 51. Rg3 Rf1 52. h5 Re7 53.
h6+ Kh7 54. Kh3 Kg6 55. Rd6+ Kh5 56. g6 Re2 57. Rd5+ Kxh6 58. g7 Rh1+ 59. Kg4
Re8 60. Kf3 Rg8 61. Rxa5 Rf1+ 62. Ke4 Rf7 63. Kd4 Rd8+ 64. Rd5 Rg8 65. Kc5
Rgxg7 66. Rxg7 Kxg7 67. Kb6 Kf6 68. Rc5 Ke6 69. Rc7 Rf3 70. b4 Rb3 71. b5 Kd6
72. Rxb7 Rc3 73. Rc7 Rb3 74. Rc6+ Kd7 75. Rh6 1-0

[Event "FBL 1"]
[Site "Deutschland"]
[Date "2010.03.13"]
[Round "8.5"]
[White "Haack, Karin"]
[Black "Mietzner, Tina"]
[Result "0-1"]
[WhiteElo "2022"]
[BlackElo "2246"]
[PlyCount "94"]
[EventDate "2009.11.07"]
[EventType "team"]
[EventCountry "GER"]
[WhiteTeam "SAV Torgelow"]
[BlackTeam "OSG - SG Baden-Baden 1922"]

1. e4 c5 2. Nf3 d6 3. d4 cxd4 4. Nxd4 Nf6 5. Nc3 a6 6. g3 e5 7. Nde2 b5 8. Bg2
Bb7 9. O-O Be7 10. h3 O-O 11. g4 b4 12. Nd5 Nxd5 13. exd5 f5 14. gxf5 Rxf5 15.
Ng3 Rf7 16. Qg4 a5 17. Nf5 Kh8 18. Qh5 g6 19. Nh6 Rf8 20. Qg4 Nd7 21. Be3 Nf6
22. Qd1 Nh5 23. Kh2 Bg5 24. Ng4 Bf4+ 25. Bxf4 Nxf4 26. Ne3 Bc8 27. a3 Qh4 28.
Qf3 Ba6 29. Rh1 Nxg2 30. Nxg2 Rxf3 31. Nxh4 Rxf2+ 32. Kg3 Rxc2 33. axb4 axb4
34. Rhf1 Rxb2 35. Rf6 b3 36. Rxd6 Ra2 37. Rb1 Bc4 38. Nf3 Ra1 39. Rxa1 Rxa1 40.
Nd2 b2 41. Rb6 Bxd5 42. Rxb2 Ra3+ 43. Kf2 Rxh3 44. Rb5 Rd3 45. Ke2 e4 46. Nf1
Bc4 47. Rb8+ Rd8+ 0-1

[Event "FBL 1"]
[Site "Deutschland"]
[Date "2010.03.13"]
[Round "8.6"]
[White "Bochis, Julia"]
[Black "Hippe, Franziska"]
[Result "1-0"]
[WhiteElo "2077"]
[BlackElo "1950"]
[PlyCount "57"]
[EventDate "2009.11.07"]
[EventType "team"]
[EventCountry "GER"]
[WhiteTeam "OSG - SG Baden-Baden 1922"]
[BlackTeam "SAV Torgelow"]

1. e4 c5 2. Nf3 Nc6 3. d4 cxd4 4. Nxd4 Nf6 5. Nc3 e5 6. Ndb5 d6 7. Bg5 a6 8.
Na3 b5 9. Bxf6 gxf6 10. Nd5 f5 11. c3 Bg7 12. exf5 Bxf5 13. Nc2 O-O 14. Nce3
Be6 15. Bd3 f5 16. O-O Ne7 17. Nxe7+ Qxe7 18. Bxf5 Bf7 19. Qd3 h6 20. Be4 Rad8
21. Nd5 Qg5 22. a4 Bh5 23. axb5 axb5 24. Ra7 Kh8 25. Rb7 Ra8 26. Nc7 d5 27.
Bxd5 e4 28. Bxe4 Rad8 29. Ne6 1-0

[Event "FBL 1"]
[Site "Deutschland"]
[Date "2010.03.13"]
[Round "8.1"]
[White "Ovod, Evgenija"]
[Black "Markgraf, Claudia"]
[Result "1-0"]
[WhiteElo "2419"]
[BlackElo "2040"]
[PlyCount "47"]
[EventDate "2009.11.07"]
[EventType "team"]
[EventCountry "GER"]
[WhiteTeam "SC Bad Königshofen 1957"]
[BlackTeam "SK Lehrte"]

1. d4 Nf6 2. Bg5 e6 3. e4 h6 4. Bxf6 Qxf6 5. Nc3 c5 6. e5 Qd8 7. d5 exd5 8.
Qxd5 Qb6 9. O-O-O Be7 10. Bc4 O-O 11. Qe4 Nc6 12. Nf3 Na5 13. Nd5 Qd8 14. Bd3
g6 15. h4 c4 16. Bxc4 Nxc4 17. Qxc4 b6 18. Nxe7+ Qxe7 19. Rd6 Kg7 20. Rhd1 Rb8
21. h5 gxh5 22. Qf4 f6 23. exf6+ Rxf6 24. Rxf6 1-0

[Event "FBL 1"]
[Site "Deutschland"]
[Date "2010.03.13"]
[Round "8.2"]
[White "Zschischang, Marine"]
[Black "Blazkova, Petra"]
[Result "1-0"]
[WhiteElo "2089"]
[BlackElo "2178"]
[PlyCount "77"]
[EventDate "2009.11.07"]
[EventType "team"]
[EventCountry "GER"]
[WhiteTeam "SK Lehrte"]
[BlackTeam "SC Bad Königshofen 1957"]

1. d4 f5 2. c4 Nf6 3. Nc3 g6 4. g3 Bg7 5. Bg2 O-O 6. f4 c5 7. d5 d6 8. Nh3 Ng4
9. Qd3 Na6 10. a3 Nc7 11. O-O Bd7 12. Ng5 Rb8 13. h3 Nf6 14. a4 h6 15. Nf3 Na6
16. Nh4 Nb4 17. Qb1 Qe8 18. e4 Nh5 19. Kh2 Qf7 20. Bf3 Bf6 21. Bxh5 gxh5 22.
Nxf5 Qh7 23. Ne3 Kh8 24. Ra3 Rg8 25. Ne2 Qg7 26. Rg1 a5 27. Nd1 Bxh3 28. Nf2
Bg4 29. Re3 Bd4 30. Nxd4 Qxd4 31. b3 Rg7 32. Nxg4 Rxg4 33. Rd1 Qg7 34. Bb2 Kh7
35. Bxg7 Kxg7 36. Kg2 h4 37. e5 dxe5 38. Rxe5 Re8 39. Rf5 1-0

[Event "FBL 1"]
[Site "Deutschland"]
[Date "2010.03.13"]
[Round "8.3"]
[White "Mikliaeva, Darja"]
[Black "Schulze, Dorothee"]
[Result "1/2-1/2"]
[WhiteElo "2162"]
[BlackElo "1980"]
[PlyCount "77"]
[EventDate "2009.11.07"]
[EventType "team"]
[EventCountry "GER"]
[WhiteTeam "SC Bad Königshofen 1957"]
[BlackTeam "SK Lehrte"]

1. e4 c5 2. Nf3 Nc6 3. d4 cxd4 4. Nxd4 g6 5. Nc3 Bg7 6. Be3 Nf6 7. f3 O-O 8.
Qd2 d5 9. O-O-O dxe4 10. Nxe4 Nxe4 11. fxe4 Nxd4 12. Bxd4 Bxd4 13. Qxd4 Bg4 14.
Qxd8 Rfxd8 15. Rxd8+ Rxd8 16. Bc4 Bc8 17. Rf1 e6 18. Rd1 Rxd1+ 19. Kxd1 Bd7 20.
Ke2 Kf8 21. Ke3 Ke7 22. Kf4 h6 23. h4 f6 24. e5 Bc6 25. g3 Bd5 26. Bxd5 exd5
27. g4 Ke6 28. exf6 Kxf6 29. g5+ hxg5+ 30. hxg5+ Ke6 31. a4 a5 32. b3 Kd6 33.
c3 Ke6 34. b4 b6 35. b5 Kd6 36. Ke3 Ke5 37. Kd3 Kf5 38. Kd4 Ke6 39. Ke3 1/2-1/2

[Event "FBL 1"]
[Site "Deutschland"]
[Date "2010.03.13"]
[Round "8.4"]
[White "Saal, Hilkka"]
[Black "Klek, Hanna-Marie"]
[Result "0-1"]
[WhiteElo "1695"]
[BlackElo "2081"]
[PlyCount "154"]
[EventDate "2009.11.07"]
[EventType "team"]
[EventCountry "GER"]
[WhiteTeam "SK Lehrte"]
[BlackTeam "SC Bad Königshofen 1957"]

1. e4 e5 2. d4 exd4 3. Qxd4 Nc6 4. Qe3 Nf6 5. Nc3 Bb4 6. Bd2 O-O 7. O-O-O Re8
8. Qg3 Rxe4 9. f3 Re8 10. h4 d5 11. h5 Be6 12. Bh6 g6 13. hxg6 fxg6 14. Bd3 Bd6
15. Qh4 Nh5 16. Nge2 Qxh4 17. Rxh4 Bf8 18. Bxf8 Rxf8 19. Rdh1 Rae8 20. g4 Nf6
21. Nf4 d4 22. Nxe6 dxc3 23. Nxf8 cxb2+ 24. Kxb2 Rxf8 25. f4 Kg7 26. g5 Nh5 27.
f5 Ne5 28. f6+ Kg8 29. Bc4+ Nxc4+ 30. Rxc4 c6 31. Re1 h6 32. gxh6 Rxf6 33. Re7
Rf7 34. Rce4 Nf6 35. Rxf7 Kxf7 36. Rb4 b6 37. Ra4 a5 38. Rd4 g5 39. Rd3 g4 40.
Rg3 Kg6 41. h7 Kxh7 42. c4 Kg6 43. Kc2 Kf5 44. Kd3 Nd7 45. Ke2 Ne5 46. Rc3 Ke4
47. c5 b5 48. Ra3 a4 49. Rg3 Kf4 50. Rg1 Ke4 51. Rd1 b4 52. Rb1 Nd3 53. Rg1
Nf4+ 54. Kd2 Kf3 55. Rf1+ Kg3 56. Rb1 Nd5 57. Kd3 Kf2 58. Rb2+ Kf3 59. Rb1 g3
60. Rf1+ Kg2 61. Rf7 Kh2 62. Rh7+ Kg1 63. Rg7 g2 64. Rf7 Kh2 65. Rh7+ Kg3 66.
Rg7+ Kf3 67. Kc4 Ne3+ 68. Kxb4 Ng4 69. Rg6 g1=Q 70. Rxc6 Qd4+ 71. Kb5 Ne5 72.
Rf6+ Ke4 73. Rh6 Qc4+ 74. Kb6 Qb4+ 75. Ka6 Kd5 76. Rb6 Qc4+ 77. Rb5 Kc6 0-1

[Event "FBL 1"]
[Site "Deutschland"]
[Date "2010.03.13"]
[Round "8.5"]
[White "Nuber, Helene"]
[Black "Manusina, Nicole"]
[Result "1-0"]
[WhiteElo "2071"]
[BlackElo "1789"]
[PlyCount "51"]
[EventDate "2009.11.07"]
[EventType "team"]
[EventCountry "GER"]
[WhiteTeam "SC Bad Königshofen 1957"]
[BlackTeam "SK Lehrte"]

1. e4 c6 2. d4 d5 3. exd5 cxd5 4. Bd3 g6 5. Nf3 Bg7 6. c3 Nh6 7. Bf4 O-O 8. Qd2
Nf5 9. O-O Nc6 10. Re1 Re8 11. Na3 a6 12. Nc2 Qb6 13. a4 g5 14. Nxg5 Nh4 15.
Bxh7+ Kf8 16. Bg3 Ng6 17. Bxg6 fxg6 18. Qf4+ Bf6 19. Nh7+ Kf7 20. Nxf6 exf6 21.
Rxe8 Kxe8 22. Qxf6 Qd8 23. Re1+ Ne7 24. Bd6 Kd7 25. Rxe7+ Kc6 26. Bc7+ 1-0

[Event "FBL 1"]
[Site "Deutschland"]
[Date "2010.03.13"]
[Round "8.6"]
[White "Braje, Monika"]
[Black "Hodova, Lucie"]
[Result "0-1"]
[WhiteElo "1600"]
[BlackElo "2112"]
[PlyCount "94"]
[EventDate "2009.11.07"]
[EventType "team"]
[EventCountry "GER"]
[WhiteTeam "SK Lehrte"]
[BlackTeam "SC Bad Königshofen 1957"]

1. e4 c5 2. d4 cxd4 3. c3 Nf6 4. e5 Nd5 5. Nf3 Nc6 6. cxd4 d6 7. Bc4 e6 8. O-O
Be7 9. a3 O-O 10. b4 Qc7 11. Qe2 a6 12. g3 Rd8 13. Nbd2 b5 14. Bd3 Bb7 15. Bb2
Nb6 16. Rac1 Nd7 17. Ne4 dxe5 18. dxe5 Qb6 19. Neg5 Nf8 20. Nh3 Ng6 21. Nfg5
Rd7 22. Bb1 Bxg5 23. Nxg5 Nce7 24. Qh5 h6 25. Nh3 Rad8 26. Rc5 Ba8 27. Bc2 Qb7
28. f3 Qb6 29. Kh1 Rd5 30. Rxd5 Bxd5 31. Qg4 Bc4 32. Rf2 Rd5 33. Qe4 Nc6 34.
Kg2 Nce7 35. Qe1 Qc7 36. Be4 Rd7 37. f4 Qd8 38. Bc2 Bd5+ 39. Kg1 Qb6 40. Kf1
Bc4+ 41. Kg1 Nf8 42. Qc3 Nd5 43. Qf3 Ne3 44. Qe4 Ng4 45. Qe1 Nxf2 46. Nxf2 Ng6
47. Qe4 Rd2 0-1

[Event "FBL 1"]
[Site "Deutschland"]
[Date "2010.03.13"]
[Round "8.1"]
[White "Ohme, Melanie"]
[Black "Haecker, Sonja"]
[Result "1-0"]
[WhiteElo "2310"]
[BlackElo "2064"]
[PlyCount "109"]
[EventDate "2009.11.07"]
[EventType "team"]
[EventCountry "GER"]
[WhiteTeam "SC Leipzig-Gohlis"]
[BlackTeam "SV Wolfbusch"]

1. e4 c5 2. Nf3 Nc6 3. d4 cxd4 4. Nxd4 Nf6 5. Nc3 d6 6. Bg5 e6 7. Qd2 a6 8.
O-O-O h6 9. Be3 Be7 10. f3 Nxd4 11. Bxd4 b5 12. Kb1 Qa5 13. Qf2 Rb8 14. e5 b4
15. Qe1 dxe5 16. Qxe5 Qxe5 17. Bxe5 Rb6 18. Na4 Rc6 19. c4 bxc3 20. Nxc3 O-O
21. Bd3 Bb7 22. Bc2 Rcc8 23. Bd6 Bxd6 24. Rxd6 Rfd8 25. Rhd1 Rxd6 26. Rxd6 Kf8
27. Bd3 Ra8 28. Na4 Ke7 29. Rb6 Bc8 30. Rb3 Nd7 31. Be4 Ra7 32. Kc1 Rc7+ 33.
Kd2 Nc5 34. Nxc5 Rxc5 35. Bb7 Kd7 36. Bxc8+ Kxc8 37. Rc3 Rc7 38. Rxc7+ Kxc7 39.
Kd3 Kd7 40. Kc4 Kc6 41. b4 f6 42. a3 Kb6 43. a4 Kc6 44. h4 h5 45. f4 Kb6 46. b5
axb5+ 47. axb5 e5 48. fxe5 fxe5 49. Kd5 Kxb5 50. Kxe5 Kc4 51. Kf5 Kd5 52. Kg6
Ke5 53. Kxg7 Kf4 54. Kg6 Kg4 55. g3 1-0

[Event "FBL 1"]
[Site "Deutschland"]
[Date "2010.03.13"]
[Round "8.2"]
[White "Jussupow, Ekaterina"]
[Black "Reizniece, Dana"]
[Result "0-1"]
[WhiteElo "2153"]
[BlackElo "2341"]
[PlyCount "64"]
[EventDate "2009.11.07"]
[EventType "team"]
[EventCountry "GER"]
[WhiteTeam "SV Wolfbusch"]
[BlackTeam "SC Leipzig-Gohlis"]

1. Nf3 Nf6 2. b3 d6 3. d4 c5 4. e3 Nc6 5. Bb2 cxd4 6. exd4 g6 7. Bd3 Bg7 8. O-O
O-O 9. c4 e5 10. dxe5 dxe5 11. Nxe5 Nxe5 12. Bxe5 Re8 13. Bc3 Qc7 14. Qf3 Bg4
15. Qg3 Qd7 16. h3 Rad8 17. Bc2 Be2 18. Re1 Nh5 19. Qg5 Bd3 20. Rd1 Bxc2 21.
Rxd7 Rxd7 22. g4 Rd1+ 23. Kh2 Bxb1 24. Bxg7 Nxg7 25. Qb5 Ree1 26. Qxb7 Ne6 27.
Qa8+ Kg7 28. Qf3 Ng5 29. Qc3+ Kg8 30. Qa5 Rh1+ 31. Kg3 Rxh3+ 32. Kf4 f6 0-1

[Event "FBL 1"]
[Site "Deutschland"]
[Date "2010.03.13"]
[Round "8.4"]
[White "Djalalova, Nigora"]
[Black "Ulms, Sandra"]
[Result "1/2-1/2"]
[WhiteElo "1984"]
[BlackElo "2127"]
[PlyCount "128"]
[EventDate "2009.11.07"]
[EventType "team"]
[EventCountry "GER"]
[WhiteTeam "SV Wolfbusch"]
[BlackTeam "SC Leipzig-Gohlis"]

1. d4 Nf6 2. Bg5 e6 3. e4 h6 4. Bxf6 Qxf6 5. c3 d5 6. Nd2 Nd7 7. e5 Qd8 8. Bd3
c5 9. Ne2 Qb6 10. Rb1 Be7 11. O-O Nf8 12. f4 Bd7 13. Kh1 O-O-O 14. dxc5 Bxc5
15. b4 Be3 16. c4 Kb8 17. c5 Qc7 18. Rf3 Bxd2 19. Qxd2 g5 20. fxg5 Qxe5 21.
gxh6 Nh7 22. Rxf7 Nf6 23. Rf1 Ng4 24. Qf4 Rxh6 25. h3 Qxf4 26. R7xf4 Ne5 27.
Rf8 Kc7 28. Bc2 Bb5 29. Rxd8 Kxd8 30. Re1 Nc6 31. a3 Bc4 32. Ba4 e5 33. Ng3 e4
34. Nf5 Rh7 35. Nd6 Bd3 36. Bb3 Ne7 37. Nxb7+ Kc7 38. Nd6 Rh5 39. a4 Re5 40.
Kg1 Nc6 41. b5 Na5 42. Ba2 d4 43. Bb1 Bxb1 44. Rxb1 e3 45. b6+ axb6 46. Nb5+
Kc6 47. Nxd4+ Kxc5 48. Ne2 Re4 49. Rc1+ Nc4 50. g4 Kd6 51. Kg2 Nd2 52. Rc3 Ke7
53. Rd3 Rxa4 54. Rxe3+ Kf7 55. Ng3 Nc4 56. Rd3 Ra2+ 57. Kg1 Rb2 58. Nf5 Ne5 59.
Rg3 Kf6 60. Re3 Rb4 61. Ng3 Nxg4 62. hxg4 Rxg4 63. Rb3 Ke5 64. Kf2 Rg6 1/2-1/2

[Event "FBL 1"]
[Site "Deutschland"]
[Date "2010.03.13"]
[Round "8.5"]
[White "Bielicki, Birke"]
[Black "Stitterich, Nadine"]
[Result "0-1"]
[WhiteElo "2192"]
[BlackElo "1956"]
[PlyCount "106"]
[EventDate "2009.11.07"]
[EventType "team"]
[EventCountry "GER"]
[WhiteTeam "SC Leipzig-Gohlis"]
[BlackTeam "SV Wolfbusch"]

1. d4 Nf6 2. c4 g6 3. Nc3 Bg7 4. e4 d6 5. f3 O-O 6. Be3 Nc6 7. Nge2 a6 8. Qd2
Rb8 9. Nc1 e5 10. d5 Nd4 11. Nb3 Nxb3 12. axb3 c5 13. Bd3 Ne8 14. g4 f5 15.
gxf5 gxf5 16. Bg5 Qc7 17. O-O-O f4 18. Rdg1 Kh8 19. Qf2 b5 20. Qh4 b4 21. Nb1
Qd7 22. h3 Qf7 23. Rg2 Nf6 24. Rhg1 Rb7 25. Bh6 Qh5 26. Bxg7+ Rxg7 27. Qxh5
Nxh5 28. Rxg7 Nxg7 29. Bf1 Rf6 30. Nd2 Nh5 31. Rh1 Rg6 32. Kd1 Bd7 33. Ke1 a5
34. Kf2 Ng3 35. Rh2 Rg7 36. Bd3 Be8 37. Rg2 Bd7 38. Rh2 a4 39. bxa4 Bxa4 40. b3
Be8 41. Bc2 Ra7 42. Bd1 Ra2 43. Ke1 Ra1 44. Rf2 Bd7 45. h4 Bh3 46. Rh2 Bf1 47.
Nxf1 Nxf1 48. Rb2 Ne3 49. Rd2 Kg7 50. Ke2 Kh6 51. Bc2 Kh5 52. Kd3 Ra2 53. Rh2
Rxc2 0-1

[Event "FBL 1"]
[Site "Deutschland"]
[Date "2010.03.13"]
[Round "8.6"]
[White "Haecker, Gabriele"]
[Black "Mertens, Pauline"]
[Result "1/2-1/2"]
[WhiteElo "1987"]
[BlackElo "2011"]
[PlyCount "67"]
[EventDate "2009.11.07"]
[EventType "team"]
[EventCountry "GER"]
[WhiteTeam "SV Wolfbusch"]
[BlackTeam "SC Leipzig-Gohlis"]

1. e4 c5 2. Nc3 d6 3. f4 Nc6 4. g3 g6 5. Bg2 Bg7 6. Nf3 e6 7. O-O Nge7 8. d3
O-O 9. Ne2 e5 10. c3 Qb6 11. Rb1 Be6 12. b3 d5 13. fxe5 Nxe5 14. Nxe5 Bxe5 15.
Bf4 Bg7 16. Qc1 dxe4 17. Bxe4 Rfe8 18. Be3 Bd5 19. Nf4 Bxe4 20. dxe4 Qa5 21. c4
Qc7 22. Nd5 Nxd5 23. cxd5 Rxe4 24. Qxc5 Qxc5 25. Bxc5 Re5 26. Rbd1 Rd8 27. Bxa7
Rexd5 28. Rxd5 Rxd5 29. Rf2 Be5 30. Kg2 f5 31. Be3 Kf7 32. Rc2 Ke7 33. Kf3 Rd3
34. Ke2 1/2-1/2

[Event "FBL 1"]
[Site "Deutschland"]
[Date "2010.03.13"]
[Round "8.2"]
[White "Mueller Ludwig, Kristin"]
[Black "Kulovana, Eva"]
[Result "0-1"]
[WhiteElo "2151"]
[BlackElo "2287"]
[PlyCount "122"]
[EventDate "2009.11.07"]
[EventType "team"]
[EventCountry "GER"]
[WhiteTeam "SV Medizin Erfurt"]
[BlackTeam "SK Großlehna"]

1. e4 c6 2. Nf3 d5 3. exd5 cxd5 4. d4 Nc6 5. c3 Qc7 6. Bd3 Bg4 7. Nbd2 e6 8.
Nf1 Bh5 9. Ng3 Bg6 10. O-O Bd6 11. Re1 Nge7 12. Bg5 O-O 13. Nh4 Bxd3 14. Qxd3
Rab8 15. Nf3 Ng6 16. Nh5 b5 17. Qe3 Rfc8 18. a3 Na5 19. Bf6 Nc4 20. Qc1 Bf8 21.
Be5 Ncxe5 22. Nxe5 a5 23. Ng3 b4 24. axb4 axb4 25. Nxg6 hxg6 26. Ne2 Rb7 27.
Qe3 bxc3 28. bxc3 Rcb8 29. Qd3 Qb6 30. h4 Qb5 31. Qe3 Qc4 32. g3 Rb2 33. Kg2
Rc2 34. Ra7 Ra2 35. Rxa2 Qxa2 36. h5 gxh5 37. Nf4 g6 38. Qe5 Qa7 39. Rh1 Bg7
40. Qg5 Qc7 41. Ne2 Rb2 42. Qe3 Qb6 43. Ra1 Qb7 44. Rd1 Qa6 45. Rd2 Rb1 46. Rc2
Kh7 47. Qf3 Kg8 48. Qe3 Qa4 49. Rc1 Rxc1 50. Nxc1 Qc2 51. Ne2 Kf8 52. Kf3 Qf5+
53. Kg2 Ke7 54. Nc1 Kd6 55. Kg1 Bf6 56. Nd3 Bg5 57. Qe2 Qe4 58. Qd1 Ke7 59. Ne5
Bf6 60. Nd3 Kf8 61. Nc5 Qg4 0-1

[Event "FBL 1"]
[Site "Deutschland"]
[Date "2010.03.13"]
[Round "8.3"]
[White "Voicu, Carmen"]
[Black "Troyke, Doreen"]
[Result "1-0"]
[WhiteElo "2285"]
[BlackElo "2105"]
[PlyCount "51"]
[EventDate "2009.11.07"]
[EventType "team"]
[EventCountry "GER"]
[WhiteTeam "SK Großlehna"]
[BlackTeam "SV Medizin Erfurt"]

1. e4 c5 2. Nf3 d6 3. d4 cxd4 4. Nxd4 Nf6 5. Nc3 a6 6. g3 e6 7. Bg2 Be7 8. O-O
O-O 9. Be3 Qc7 10. f4 Nc6 11. Kh1 Bd7 12. Nb3 b5 13. a3 Rac8 14. g4 b4 15. axb4
Nxb4 16. g5 Ne8 17. Nd4 f5 18. exf5 exf5 19. Nd5 Nxd5 20. Bxd5+ Kh8 21. Rf3 Qb8
22. Rh3 g6 23. Ne6 Rf7 24. Bd4+ Kg8 25. Qf3 Rxc2 26. Nd8 1-0

[Event "FBL 1"]
[Site "Deutschland"]
[Date "2010.03.13"]
[Round "8.4"]
[White "Hannes, Diana"]
[Black "Havlikova, Kristyna"]
[Result "1/2-1/2"]
[WhiteElo "2115"]
[BlackElo "2185"]
[PlyCount "70"]
[EventDate "2009.11.07"]
[EventType "team"]
[EventCountry "GER"]
[WhiteTeam "SV Medizin Erfurt"]
[BlackTeam "SK Großlehna"]

1. e4 c5 2. Nf3 Nc6 3. Bb5 g6 4. Bxc6 dxc6 5. O-O Bg7 6. Nc3 Bg4 7. h3 Bxf3 8.
Qxf3 e5 9. d3 Nf6 10. Bg5 Qd6 11. Bxf6 Bxf6 12. a3 Be7 13. Nd1 Qe6 14. Ne3 Bg5
15. Qg4 Qe7 16. Nc4 b5 17. Na5 h5 18. Qe2 Rc8 19. a4 O-O 20. Nb3 Rfd8 21. Ra3
Rc7 22. Rfa1 a6 23. axb5 cxb5 24. Nd2 c4 25. Nf3 cxd3 26. Rxd3 Rxd3 27. Qxd3
Rc6 28. Qd5 Rxc2 29. Rxa6 Kg7 30. g3 Rxb2 31. Nxe5 Bf6 32. Nd3 Re2 33. Rb6 Rxe4
34. Rxb5 Rd4 35. Qf3 Qd7 1/2-1/2